Statistics for Technology by Letter: E

Click here to take the quiz!

General Stats

  • This quiz has been taken 14 times
  • The average score is 8 of 12

Answer Stats

HintAnswer% Correct
Letters sent through the internetE-Mail
100%
Symbol to express your feelings in a messageEmoticon / Emoji
92%
Less odorous tool for tobacco inhalationE-cigarette
85%
Inventor of the light bulbEdison
85%
Moving staircaseEscalator
85%
Machine that turns fuel into motionEngine
77%
Fast-moving particles that supply energy to your houseElectricity
69%
Cabin for vertical transportElevator
69%
The world of digital devicesElectronics
62%
Non-optical tool to look at tiny thingsElectron microscope
46%
Makes holes on construction sitesExcavator
31%
Substance that can suddenly expand greatlyExplosive
31%

Score Distribution

Percentile by Number Answered

Percent of People with Each Score

Your Score History

You have not taken this quiz